Dlhodobá zdravotná starostlivosť v konkrétnom zariadení diplomová práca

Saved in:
Bibliographic Details
Main Author: Bartovičová, Karina
Corporate Author: Národohospodárska fakulta EU. Katedra sociálneho rozvoja a práce
Other Authors: Nováková, Michaela, 1977-
Format: Book
Language:Slovak
Published: Bratislava 2016
Tags: Add Tag
No Tags, Be the first to tag this record!

MARC

LEADER 00000nbm a2200000 4500
001 0217870
005 20170306143502.7
041 0 |a slo 
044 |a SK 
245 1 0 |a Dlhodobá zdravotná starostlivosť v konkrétnom zariadení  |b diplomová práca  |c Karina Bartovičová ; školiteľ: Michaela Nováková 
264 1 |a Bratislava  |c 2016 
300 |a 66 s. 
100 1 |a Bartovičová, Karina 
700 1 |a Nováková, Michaela, 1977- 
710 2 |a Národohospodárska fakulta EU. Katedra sociálneho rozvoja a práce